000
00245nam a2200097Ia 4500
001
645302
005
20250826153621.0
008
250824s9999 xx 000 0 und d
245
0
_a
3 Kıyamet Mağarası
_c
Kate McMullan
260
_b
BEYAZ BALİNA
999
_c
645302
_d
645302